000 002950000a22000970004500
100 1 _aGattinoni, Juan
245 1 0 _aCulto de segunda bençao matrimonial : Celebraçao de novo pacto entre pessoas divorciadas
300 _aVol.0, núm.20 (Agosto, 2006), Páginas 3-8
773 0 _tTEAR
942 _cANA
999 _c61602
_d61602